| 000 | 01655nam a22002417a 4500 | ||
|---|---|---|---|
| 999 |
_c22061 _d22061 |
||
| 003 | AR-CdUCM | ||
| 008 | 190429b ||||| |||| 00| 0 spa d | ||
| 040 |
_aMUNICIPALIDAD PROVINCIAL DEL CUSCO _cBIBLIOTECA MUNICIPAL DEL CUSCO |
||
| 082 | _aRijchariy/N°2/1967 | ||
| 245 |
_aRijchariy : _brevista cultural / _cCesar Lomellini Carenzi |
||
| 260 |
_aCusco : _bRijchariy, _c1967. |
||
| 300 |
_a47 páginas. : _bimágenes ; _c24 cm. |
||
| 440 |
_aRijchariy revista cultural. _nAño II, abril, mayo 1967, N°2 _947322 |
||
| 500 | _aCuaderno de arte y literatura del grupo cultural Rijch´ariy. | ||
| 505 | _aContenido: La función vital de la Pedagogía. José Tarquino Guevara S. -- Un minuto con Mariano Fuentes Lira director de la Escuela Normal de Bellas Artes. -- Reportaje de bolsillo Abel Jiménez A. El pintor de las barbas. -- Teatro de cámara los cretinos iluminados. Raúl Brozovich. -- Sinlogismos greguerias notas y otras definiciones. -- Revista de libros exposiciones de pintura y crónicas de las actividades culturales. -- La asociación de artistas plásticos del Cuzco reclama un local de exposiciones. -- El Amor. -- Poesía homenaje a Rubén Darío. -- Los amores de Ollantay y Kusikcoyllur. -- Contrapunto. Gustavo Pérez Ocampo. -- Exposiciones de pintura. Grabados. -- Estampa del árbol centenario. -- Museo Virreynal. Teófilo Benavente. -- Del cine y del teatro. Kukuli. -- Cine cusqueño. | ||
| 650 |
_aPoesía cusqueña _92323 |
||
| 650 |
_aLiteratura cusqueña _947323 |
||
| 650 |
_aCine cusqueño _946144 |
||
| 700 |
_aBrozovich, Raúl _947254 |
||
| 700 |
_aBaush Bedoya, Germán _947324 |
||
| 942 |
_2ddc _cPP |
||
| 945 | _arac | ||